<?xml version="1.0" encoding="UTF-8"?>
<record
    xmlns:xsi="http://www.w3.org/2001/XMLSchema-instance"
    xsi:schemaLocation="http://www.loc.gov/MARC21/slim http://www.loc.gov/standards/marcxml/schema/MARC21slim.xsd"
    xmlns="http://www.loc.gov/MARC21/slim">

  <leader>00818nab a2200241uuc4500</leader>
  <controlfield tag="001">1479891</controlfield>
  <controlfield tag="005">20241003090349.0</controlfield>
  <controlfield tag="008">171127e20171105                    mul  </controlfield>
  <datafield tag="035" ind1=" " ind2=" ">
    <subfield code="a">1479891</subfield>
  </datafield>
  <datafield tag="040" ind1=" " ind2=" ">
    <subfield code="c">comduadb</subfield>
  </datafield>
  <datafield tag="041" ind1=" " ind2=" ">
    <subfield code="a">ENG</subfield>
    <subfield code="a">mul</subfield>
  </datafield>
  <datafield tag="100" ind1="1" ind2="0">
    <subfield code="a">Cacciatore, Joanne</subfield>
    <subfield code="4">aut</subfield>
    <subfield code="e">aut</subfield>
    <subfield code="9">764145</subfield>
  </datafield>
  <datafield tag="245" ind1="1" ind2="0">
    <subfield code="a">She used his name : provider trait mindfulness in perinatal death counselling</subfield>
  </datafield>
  <datafield tag="650" ind1=" " ind2=" ">
    <subfield code="a">Mindfulness</subfield>
    <subfield code="9">218740</subfield>
  </datafield>
  <datafield tag="650" ind1=" " ind2="7">
    <subfield code="a">Atenci&#xF3;n plena</subfield>
    <subfield code="2">embne</subfield>
    <subfield code="9">213842</subfield>
  </datafield>
  <datafield tag="650" ind1=" " ind2=" ">
    <subfield code="a">Terapia psicosocial</subfield>
    <subfield code="9">67976</subfield>
  </datafield>
  <datafield tag="650" ind1=" " ind2=" ">
    <subfield code="a">Atenci&#xF3;n perinatal</subfield>
    <subfield code="9">41596</subfield>
  </datafield>
  <datafield tag="650" ind1=" " ind2=" ">
    <subfield code="a">Mortalidad perinatal</subfield>
    <subfield code="9">56763</subfield>
  </datafield>
  <datafield tag="650" ind1=" " ind2="7">
    <subfield code="a">Duelo</subfield>
    <subfield code="2">lemb</subfield>
    <subfield code="9">185371</subfield>
  </datafield>
  <datafield tag="650" ind1=" " ind2=" ">
    <subfield code="a">Duelo (Psicolog&#xED;a)</subfield>
    <subfield code="9">51569</subfield>
  </datafield>
  <datafield tag="773" ind1="0" ind2=" ">
    <subfield code="t">Estudios de Psicolog&#xED;a (Madrid)</subfield>
    <subfield code="g">Volumen 38, N&#xFA;mero 03, Noviembre 2017, 639-666</subfield>
    <subfield code="w">113762</subfield>
    <subfield code="x">0210-9395</subfield>
    <subfield code="0">89405</subfield>
  </datafield>
  <datafield tag="942" ind1=" " ind2=" ">
    <subfield code="c">ARIMP</subfield>
  </datafield>
  <datafield tag="999" ind1=" " ind2=" ">
    <subfield code="c">770221</subfield>
    <subfield code="d">770221</subfield>
  </datafield>
</record>
